Normal view
MARC view
Entry Meeting Name
001 - CONTROL NUMBER
- control field: 22243
003 - CONTROL NUMBER IDENTIFIER
- control field: OSt
005 - DATE AND TIME OF LATEST TRANSACTION
- control field: 20211105134634.0
008 - FIXED-LENGTH DATA ELEMENTS
- fixed length control field: 211105|| aca||aabn | a|a d
040 ## - CATALOGING SOURCE
- Original cataloging agency: OSt
- Transcribing agency: OSt
111 ## - HEADING--MEETING NAME
- Meeting name or jurisdiction name as entry element: National Space Science Symposium
- Location of meeting: India
- Date of meeting or treaty signing: 1982 Feb. 3-6
670 ## - SOURCE DATA FOUND
- Source citation: Work cat.: (OSt): Indian Space Research Organisation 22242, Compilation of abstracts of contributed papers- Ionosphere and magnetosphere, 1982